Bahrain-Quiz - Statistiken

Allgemein
  • Dieses Quiz wurde 1.756 mal gespielt
  • Das Durchschnittsergebnis liegt bei 15 aus 21
Antwortstatistiken
Frage Antwort % Korrekt
Land mit ähnlicher Flagge:
Katar
96%
Amtssprache Arabisch
94%
Bahrain ist via Brücke mit diesem Land verbunden Saudi Arabien
91%
Hauptexportgut Erdöl
90%
Gewässer, in welchem Bahrain liegt {Persischer} Golf
87%
Bahrain hat weltweit die dritthöchste Bevölkerungs____ Dichte
85%
Nennen Sie ein asiatisches Land, das flachenmäßig kleiner ist als Bahrain Malediven | Singapur
84%
Europäisches Land, von welchem Bahrain 1971 unabhängig wurde Vereinigtes Königreich
84%
Bevölkerungsgruppe, die 2002 das Wahlrecht erhielt Frauen
80%
Nur 0.78% der Landfläche Bahrains sind von diesem Ökosystem bedeckt Wald
78%
Protestwellen, die 2011 den Volksaufstand in Bahrain inspirierten Arabischer {Frühling}
77%
Bahrain war das erste arabische Land, das diesen Autorennwettkampf organisierte Formel 1
77%
Hauptstadt von Bahrain Manama
69%
400 Jahre alter Baum, der in der Wüste ohne Wasserquelle wächst Baum des {Lebens}
66%
Religiöse Figur, die 624 n. Chr. Bahrain eroberte und bekehrte Muhammad
60%
Bahrain hatte ursprünglich 33 davon, besitzt aber heute dank Landgewinnungen 84 Inseln
55%
Mehrheitliche Richtung des Islams Schia
55%
Vor dem 20. Jahrhundert war die Wirtschaft Bahrains stark von diesen wertvollen Meeresprodukten abhängig Perlen
49%
Währung von Bahrain Bahrain-Dinar
40%
Der Oryx, das Nationaltier Bahrains, gehört dieser Tiergattung an Antilopen
33%
Künstliche Insel, die mit dem obigen Land geteilt wird Passport Island
18%
Keine übereinstimmenden Quizze gefunden
Verteilung der Resultate
Anzahl Personen mit jedem Resultat
Perzentil nach korrekt beantworteten Fragen
Ihre Resultats-Entwicklung
Sie haben dieses Quiz noch nicht gespielt